banner koha

Organic matter quality in a soil cultivated with perennial herbaceous legumes (Registro n. 179612)

MARC details
000 -LÍDER
campo de controle de tamanho fixo 01093nas a2200385 4500
001 - NÚMERO DE CONTROLE
campo de controle BR0403990
003 - IDENTIFICADOR DO NÚMERO DE CONTROLE
campo de controle BR-BrBNA
005 - DATA E HORÁRIO DA ÚLTIMA TRANSAÇÃO
campo de controle 20231205104751.0
007 - CAMPO FIXO DE DESCRIÇÃO FÍSICA--INFORMAÇÃO GERAL
campo de controle de tamanho fixo ta
008 - CAMPO DE DADOS FIXOS--INFORMAÇÃO GERAL
campo de controle de tamanho fixo 230509b bl.|||p| |||| 00| 00por d
040 ## - FONTE DA CATALOGAÇÃO
Instituição da catalogação original BR-BrBNA
Idioma da catalogação por
Instituição que transcreveu o registro Biblioteca Nacional de Agricultura
041 ## - CÓDIGO DE IDIOMA
Código do idioma do texto/trilha sonora ou título diferente (En)
072 ## - CÓDIGO DE CATEGORIA DE ASSUNTO
Código de Categoria de Assunto P34
100 1# - ENTRADA PRINCIPAL--NOME PESSOAL
Nome pessoal Canellas, L.P.
100 1# - ENTRADA PRINCIPAL--NOME PESSOAL
Nome pessoal Espindola, J.A.A.
100 1# - ENTRADA PRINCIPAL--NOME PESSOAL
Nome pessoal Rezende, C.E.
100 1# - ENTRADA PRINCIPAL--NOME PESSOAL
Nome pessoal Camargo, P.B. de
100 1# - ENTRADA PRINCIPAL--NOME PESSOAL
Nome pessoal Zandonadi, D.B.
100 1# - ENTRADA PRINCIPAL--NOME PESSOAL
Nome pessoal Rumjanek, V.M.
100 1# - ENTRADA PRINCIPAL--NOME PESSOAL
Nome pessoal Guerra, J.G.M.
100 1# - ENTRADA PRINCIPAL--NOME PESSOAL
Nome pessoal Teixeira, M.G.
100 1# - ENTRADA PRINCIPAL--NOME PESSOAL
Nome pessoal Braz-Filho, R.
245 1# - TÍTULO
Título Organic matter quality in a soil cultivated with perennial herbaceous legumes
650 ## - ASSUNTO--TERMO TÓPICO
Cabeçalho tópico ou nome geográfico LEGUMINOSA FORRAGEIRA
650 ## - ASSUNTO--TERMO TÓPICO
Cabeçalho tópico ou nome geográfico SOLO ARGILOSO
650 ## - ASSUNTO--TERMO TÓPICO
Cabeçalho tópico ou nome geográfico COMPOSTO ORGÂNICO
650 ## - ASSUNTO--TERMO TÓPICO
Cabeçalho tópico ou nome geográfico MATÉRIA SECA
650 ## - ASSUNTO--TERMO TÓPICO
Cabeçalho tópico ou nome geográfico QUALIDADE
650 ## - ASSUNTO--TERMO TÓPICO
Cabeçalho tópico ou nome geográfico HÚMUS
650 ## - ASSUNTO--TERMO TÓPICO
Cabeçalho tópico ou nome geográfico CARBONO
650 ## - ASSUNTO--TERMO TÓPICO
Cabeçalho tópico ou nome geográfico OXIGÊNIO
773 0# - ENTRADA ANALÍTICA
Título Scientia Agrícola (Brazil)
ISSN - International Standard Serial Number ISSN 0103-9016
Partes relacionadas (Jan-Feb 2004), v. 61(1) p. 53-61
Número de controle do registro BR0403990
909 ## -
-- 202311
-- Lúcia
-- 55
-- Lúcia Elande
942 ## - ELEMENTOS DE ENTRADA ADICIONADOS (KOHA)
Fonte da classificação ou esquema de arquivamento na estante Classificação AGRIS
Ocultar no OPAC Não
Tipo de material Koha Analítica
Exemplares
Situação do descarte Fonte da classificação ou esquema de arquivamento na estante Situação física Não pode ser emprestado Biblioteca de origem Biblioteca atual Localização na estante Enumeração do periódico / cronologia Total de empréstimos Data de último acesso Número do exemplar Tipo de material Koha Fonte de aquisição
  Classificação AGRIS   Consulta local Biblioteca Nacional de Agricultura - Binagri Biblioteca Nacional de Agricultura - Binagri   (Jan-Feb 2004), v. 61(1) p. 53-61   29/11/2023 01 Periódicos Portaria Interministerial nº 164/94

BINAGRI

Telefone: (61)3218-2567/2388/3357/2097 - binagri@agro.gov.br

Ministério da Agricultura e Pecuária , Esplanada dos Ministérios, Bloco D, Anexo B, Brasília/DF, CEP: 70.043-900